[Event "4NCL 3 South pool C"]
[Site "Telford, ENG"]
[Date "2016.05.02"]
[Round "11.75"]
[White "Farkas, Daniel"]
[Black "Rutter, Nick J"]
[Result "0-1"]
[WhiteElo "2115"]
[BlackElo "2290"]
[PlyCount "72"]
[EventDate "2016.05.02"]

1. e4 c5 2. c3 d5 3. exd5 Qxd5 4. d4 Nc6 5. Nf3 Bf5 6. Be3 Nf6 7. Nbd2 cxd4 8.
Bc4 dxe3 9. Bxd5 exd2+ 10. Qxd2 O-O-O 11. Rd1 Rxd5 12. Qe2 Rxd1+ 13. Qxd1 e5
14. O-O Bg4 15. Qc2 Bxf3 16. Qf5+ Kc7 17. Qxf3 Bd6 18. b4 e4 19. Qe2 Kb8 20.
Rd1 Bc7 21. a4 Ne5 22. a5 Nd3 23. f3 Nf4 24. Qe3 N6d5 25. Qc5 Nxc3 26. Rd7 Rc8
27. Qe7 Nfd5 28. Qxf7 e3 29. Rxd5 Nxd5 30. Qxd5 e2 31. Kf2 Re8 32. Ke1 Bxh2 33.
f4 Bxf4 34. Qd3 h5 35. g3 Bc7 36. Qg6 Re3 0-1

[Event "4NCL 3 South pool C"]
[Site "Telford, ENG"]
[Date "2016.03.20"]
[Round "8.55"]
[White "Rudd, Jack"]
[Black "Page, Mark E"]
[Result "1-0"]
[WhiteElo "2263"]
[BlackElo "2064"]
[PlyCount "67"]
[EventDate "2016.03.20"]

1. d4 Nf6 2. c4 g6 3. Nc3 Bg7 4. e4 d6 5. f3 O-O 6. Be3 e5 7. d5 Nh5 8. Qd2 f5
9. O-O-O a6 10. Kb1 Qe8 11. Bd3 Nd7 12. Nge2 b5 13. cxb5 Nc5 14. Bxc5 dxc5 15.
Bc4 Kh8 16. d6 cxd6 17. Qxd6 Bb7 18. bxa6 Bxa6 19. Bxa6 Rf6 20. Bb5 Rxd6 21.
Bxe8 Rxd1+ 22. Rxd1 Rxe8 23. Ng3 Nf4 24. exf5 Nxg2 25. fxg6 hxg6 26. a4 Ne3 27.
Rd7 Nc4 28. Nge4 Rb8 29. Nd1 Nb6 30. Ra7 c4 31. Ndc3 Rd8 32. Ng5 Rc8 33. a5 Na8
34. Nd5 1-0

[Event "4NCL 3 South pool C"]
[Site "Telford, ENG"]
[Date "2016.03.20"]
[Round "8.56"]
[White "Fallowfield, Jeremy R"]
[Black "Edgell, Ben P"]
[Result "1/2-1/2"]
[WhiteElo "2112"]
[BlackElo "2129"]
[PlyCount "33"]
[EventDate "2016.03.20"]

1. d4 Nf6 2. c4 e6 3. Nf3 Bb4+ 4. Nbd2 O-O 5. a3 Bxd2+ 6. Bxd2 d6 7. Bg5 Nbd7
8. e3 Re8 9. Be2 e5 10. Qc2 h6 11. Bh4 exd4 12. Nxd4 Ne5 13. Rd1 Ng6 14. Bg3
Ne4 15. Bd3 Qe7 16. Bxe4 Qxe4 17. Qxe4 1/2-1/2

[Event "4NCL 3 South pool C"]
[Site "Telford, ENG"]
[Date "2016.03.20"]
[Round "8.57"]
[White "Stewart, Joseph J"]
[Black "Paterson, Andrew I"]
[Result "1/2-1/2"]
[WhiteElo "2174"]
[BlackElo "2095"]
[PlyCount "65"]
[EventDate "2016.03.20"]

1. e4 c5 2. Nf3 Nc6 3. Nc3 g6 4. d4 cxd4 5. Nxd4 Bg7 6. Be3 Nf6 7. Bc4 a6 8.
Nxc6 bxc6 9. Bd4 d6 10. e5 dxe5 11. Bxe5 Qa5 12. Qe2 O-O 13. h3 Nh5 14. Bxg7
Nxg7 15. Qxe7 Be6 16. Bxe6 Rae8 17. Qh4 Rxe6+ 18. Kf1 Rfe8 19. g3 Nf5 20. Qc4
Qe5 21. Qf4 Qc5 22. Kg2 Nd4 23. Rhd1 Nxc2 24. Rd7 f5 25. Qc7 R6e7 26. Rad1 Rxd7
27. Rxd7 Ne1+ 28. Kg1 Nf3+ 29. Kg2 Ne1+ 30. Kg1 Nf3+ 31. Kh1 Qc4 32. Rd1 Ne1
33. Kg1 1/2-1/2

[Event "4NCL 3 South pool C"]
[Site "Telford, ENG"]
[Date "2016.03.20"]
[Round "8.58"]
[White "Fallowfield, Nicholas"]
[Black "Ivekovic, Tihana"]
[Result "0-1"]
[WhiteElo "1917"]
[BlackElo "2115"]
[PlyCount "56"]
[EventDate "2016.03.20"]

1. Nf3 d5 2. c4 e6 3. g3 Nf6 4. Bg2 Be7 5. O-O O-O 6. b3 d4 7. Bb2 c5 8. b4 a5
9. bxc5 Bxc5 10. e3 Nc6 11. Na3 e5 12. exd4 exd4 13. d3 Bf5 14. Nc2 Qd7 15. Re1
Rfe8 16. Qd2 h6 17. a3 Ng4 18. Rad1 Nge5 19. Nxe5 Nxe5 20. Rxe5 Rxe5 21. Qf4
Rae8 22. Bd5 Re2 23. Bxd4 Bxd4 24. Nxd4 Re1+ 25. Rxe1 Rxe1+ 26. Kg2 Bh3+ 27.
Kf3 g5 28. Qf6 Qg4# 0-1

[Event "4NCL 3 South pool C"]
[Site "Telford, ENG"]
[Date "2016.03.20"]
[Round "8.59"]
[White "Bullen, Alex"]
[Black "Parekh, Rajen M"]
[Result "1-0"]
[WhiteElo "2018"]
[BlackElo "1847"]
[PlyCount "69"]
[EventDate "2016.03.20"]

1. d4 e6 2. Nf3 Nf6 3. c4 b6 4. g3 Bb7 5. Bg2 d5 6. O-O Be7 7. cxd5 Nxd5 8. Ne5
O-O 9. e4 Nf6 10. Nc3 Bb4 11. Bg5 h6 12. Bxf6 Qxf6 13. Qa4 Bd6 14. Nd3 Qd8 15.
Rfd1 Nd7 16. Rac1 a6 17. e5 Bxg2 18. Kxg2 Be7 19. Qc6 Rc8 20. d5 Nb8 21. Qc4
exd5 22. Nxd5 c6 23. N5f4 Qc7 24. e6 Bg5 25. h4 Bxf4 26. Nxf4 Qe7 27. Re1 Rcd8
28. Qc2 Rd6 29. Qb3 b5 30. Re2 g5 31. hxg5 hxg5 32. exf7+ Qxf7 33. Ne6 Re8 34.
Nxg5 Qxb3 35. Rxe8+ 1-0

[Event "4NCL 3 South pool C"]
[Site "Telford, ENG"]
[Date "2016.03.20"]
[Round "8.60"]
[White "Smith, Simon C"]
[Black "Spencer, Douglas"]
[Result "1/2-1/2"]
[WhiteElo "1908"]
[BlackElo "1997"]
[PlyCount "64"]
[EventDate "2016.03.20"]

1. c4 e6 2. Nc3 d5 3. d4 c6 4. e3 Nf6 5. Nf3 Nbd7 6. Qc2 Be7 7. b3 O-O 8. Bd3
Re8 9. O-O h6 10. Bb2 b6 11. e4 dxe4 12. Nxe4 Bb7 13. Rad1 Qc7 14. Rfe1 Bb4 15.
Ned2 c5 16. a3 Bxd2 17. Nxd2 Ng4 18. Nf1 cxd4 19. Bh7+ Kh8 20. Rxd4 Ngf6 21.
Bd3 e5 22. Rh4 e4 23. Be2 Ne5 24. Ng3 Ng6 25. Rxh6+ gxh6 26. Nh5 Ne5 27. Nxf6
Re6 28. Ng4 f6 29. Nxh6 Qh7 30. Ng4 Qg6 31. Nxe5 fxe5 32. Bf1 Qf5 1/2-1/2

[Event "4NCL 3 South pool C"]
[Site "Telford, ENG"]
[Date "2016.03.20"]
[Round "8.65"]
[White "Cooper, Lawrence H"]
[Black "Thorarinsson, Pall A"]
[Result "1/2-1/2"]
[WhiteElo "2337"]
[BlackElo "2265"]
[PlyCount "29"]
[EventDate "2016.03.20"]

1. e4 d6 2. d4 Nf6 3. Nc3 g6 4. Nf3 Bg7 5. Be3 O-O 6. Qd2 a6 7. Bh6 b5 8. Bd3
Nc6 9. Bxg7 Kxg7 10. e5 dxe5 11. dxe5 Ng4 12. Qf4 Ncxe5 13. Nxe5 Qd6 14. Nxg6
hxg6 15. Qxd6 1/2-1/2

[Event "4NCL 3 South pool C"]
[Site "Telford, ENG"]
[Date "2016.03.20"]
[Round "8.66"]
[White "Agnew, Alan"]
[Black "Meszaros, Gyula"]
[Result "0-1"]
[WhiteElo "2099"]
[BlackElo "2270"]
[PlyCount "92"]
[EventDate "2016.03.20"]

1. e4 e6 2. d3 d5 3. Nd2 Nf6 4. Ngf3 b6 5. g3 Bb7 6. Bg2 Nc6 7. e5 Nd7 8. d4 f6
9. O-O fxe5 10. Nxe5 Ndxe5 11. dxe5 Qd7 12. Nb3 O-O-O 13. Qe2 h6 14. a4 a5 15.
c3 g5 16. f4 Be7 17. Nd4 Bc5 18. Be3 gxf4 19. gxf4 Rhg8 20. Kh1 Bxd4 21. cxd4
Nb4 22. Rg1 Ba6 23. Qd2 Bd3 24. Bf3 Rxg1+ 25. Bxg1 Qh7 26. Re1 Rg8 27. Bf2 Bc2
28. Rg1 Rxg1+ 29. Bxg1 Bxa4 30. Be3 Bc2 31. Qg2 Bf5 32. h4 Nd3 33. Kh2 Ne1 34.
Qg3 Nxf3+ 35. Qxf3 h5 36. Qg2 Bg4 37. Qf1 Kb7 38. Qf2 Qd3 39. Kg3 Qd1 40. Kh2
Ka6 41. Kg2 Kb5 42. Bd2 Bf5 43. Qf1+ Qxf1+ 44. Kxf1 Kc4 45. Bc3 Kd3 46. Ke1 Kc2
0-1

[Event "4NCL 3 South pool C"]
[Site "Telford, ENG"]
[Date "2016.03.20"]
[Round "8.67"]
[White "Sygnowski, Tomasz"]
[Black "Okhai, Shabir"]
[Result "0-1"]
[WhiteElo "2275"]
[BlackElo "2051"]
[PlyCount "88"]
[EventDate "2016.03.20"]

1. e4 e5 2. f4 exf4 3. Bc4 Qh4+ 4. Kf1 d6 5. Nc3 Be6 6. Qe2 c6 7. Nd5 Bg4 8.
Nf3 Bxf3 9. Qxf3 cxd5 10. Bxd5 Nc6 11. Qb3 Qe7 12. d4 g5 13. h4 Bg7 14. c3 h6
15. Bd2 Nf6 16. Qb5 Qd7 17. hxg5 hxg5 18. Rxh8+ Bxh8 19. Bxc6 Qxc6 20. Qxg5
O-O-O 21. Re1 Re8 22. Qf5+ Kc7 23. Bxf4 Rxe4 24. Rxe4 Qxe4 25. Qc5+ Qc6 26.
Qxa7 Qa6+ 27. Qxa6 bxa6 28. Ke2 Kc6 29. Kd3 Bg7 30. a4 Ng4 31. Bg3 Bh6 32. b4
Ne3 33. c4 Nxg2 34. b5+ axb5 35. axb5+ Kd7 36. c5 Bf4 37. Bxf4 Nxf4+ 38. Ke4
Ne6 39. c6+ Kc7 40. Kd5 Nf4+ 41. Ke4 Ne2 42. Kd3 Ng3 43. Ke3 Nf5+ 44. Ke4 Ne7
0-1

[Event "4NCL 3 South pool C"]
[Site "Telford, ENG"]
[Date "2016.03.20"]
[Round "8.68"]
[White "Millward, Kevin P"]
[Black "Green, Michael"]
[Result "0-1"]
[WhiteElo "2003"]
[BlackElo "2027"]
[PlyCount "48"]
[EventDate "2016.03.20"]

1. d4 Nf6 2. Bf4 c5 3. e3 b6 4. Nf3 g6 5. Nbd2 Bg7 6. c3 O-O 7. Be2 d6 8. h3
Bb7 9. O-O Nbd7 10. Bh2 a6 11. a4 Rc8 12. b4 Rc7 13. Qb1 Qa8 14. Rc1 Rfc8 15.
Qb2 Nd5 16. bxc5 bxc5 17. Nc4 cxd4 18. cxd4 a5 19. Qb5 Ba6 20. Qxa5 N7b6 21.
Nfd2 Bxc4 22. Qxa8 Rxa8 23. Nxc4 Rac8 24. Rc3 Nxc3 0-1

[Event "4NCL 3 South pool C"]
[Site "Telford, ENG"]
[Date "2016.03.20"]
[Round "8.69"]
[White "Manelidou, Maria"]
[Black "Dydak, Mateusz"]
[Result "1/2-1/2"]
[WhiteElo "2096"]
[BlackElo "1884"]
[PlyCount "106"]
[EventDate "2016.03.20"]

1. e4 e6 2. d4 d5 3. Nd2 c5 4. exd5 exd5 5. dxc5 Bxc5 6. Nb3 Bb6 7. Nf3 Bg4 8.
Be2 Ne7 9. O-O O-O 10. h3 Bh5 11. Bf4 Nbc6 12. Qd2 a6 13. Rfe1 h6 14. Rad1 Rc8
15. c3 Re8 16. Nbd4 Nxd4 17. Nxd4 Bxe2 18. Rxe2 Qd7 19. Nf3 Ng6 20. Rxe8+ Qxe8
21. Bg3 Rd8 22. h4 Qe4 23. h5 Nf8 24. Bh4 f6 25. Re1 Qg4 26. Re7 Rd7 27. Rxd7
Nxd7 28. Qxd5+ Kh7 29. Kf1 Nc5 30. Bg3 Ne4 31. Qd3 f5 32. Be5 Bxf2 33. Qd7 Be3
34. Ke2 Bf4 35. Bxf4 Qxf4 36. Qxb7 Qg3 37. Ke3 Qxg2 38. Qxa6 Qf2+ 39. Kf4 Nf6
40. Qd3 Nxh5+ 41. Kxf5 g6+ 42. Ke4 Nf6+ 43. Ke5 Kg7 44. Nd4 Qh2+ 45. Ke6 Qc7
46. Qb5 h5 47. Qc6 Qf7+ 48. Ke5 Ng4+ 49. Ke4 Qf2 50. Qc7+ Kg8 51. Qb8+ Kh7 52.
Qc7+ Kg8 53. Qd8+ Kh7 1/2-1/2

[Event "4NCL 3 South pool C"]
[Site "Telford, ENG"]
[Date "2016.03.20"]
[Round "8.70"]
[White "Mc Aleenan, Charles"]
[Black "Munshi, Aditya"]
[Result "1-0"]
[WhiteElo "1900"]
[BlackElo "1930"]
[PlyCount "147"]
[EventDate "2016.03.20"]

1. d4 Nf6 2. Bf4 d5 3. e3 c5 4. c3 Qb6 5. Qb3 c4 6. Qc2 Nc6 7. Nd2 Bg4 8. b3
cxb3 9. axb3 e6 10. Bd3 Rc8 11. Qb2 Bf5 12. Bxf5 exf5 13. Ne2 Ne4 14. Nxe4 fxe4
15. O-O Be7 16. f3 exf3 17. Rxf3 O-O 18. Rh3 Rfd8 19. Qc2 g6 20. Bh6 Bf6 21.
Rc1 Ne7 22. Rf1 Bg7 23. Bxg7 Kxg7 24. e4 Qe6 25. Qd2 h5 26. Nf4 Qd7 27. Rxh5
Rh8 28. Rxh8 Rxh8 29. exd5 Nxd5 30. c4 Nf6 31. d5 Qd6 32. Qd4 b6 33. Ne6+ Kg8
34. Qxf6 Qxh2+ 35. Kf2 fxe6 36. Qxg6+ Kf8 37. Qf6+ Ke8 38. Qxe6+ Kd8 39. Qf6+
Kc8 40. Re1 Qh7 41. Qc6+ Kb8 42. Re8+ Rxe8 43. Qxe8+ Kb7 44. Qe3 Qf5+ 45. Qf3
Qc2+ 46. Kg3 Qg6+ 47. Qg4 Qd6+ 48. Kf3 Qf6+ 49. Ke4 Qe7+ 50. Kd3 Qh7+ 51. Qe4
Qf7 52. d6+ Ka6 53. Kd4 Qf6+ 54. Qe5 Qf2+ 55. Kd5 Qxg2+ 56. Ke6 Qg6+ 57. Kd7
Qf7+ 58. Qe7 Qf5+ 59. Kd8 Qg4 60. Qe8 Qg5+ 61. Kc7 Qg7+ 62. Qe7 Qg2 63. d7 Qg3+
64. Qd6 Qxb3 65. d8=Q Qxc4+ 66. Qc6 Qf7+ 67. Qdd7 Qf4+ 68. Qcd6 Qc4+ 69. Kb8
Qg8+ 70. Kc7 Qc4+ 71. Kb8 Qg8+ 72. Qd8 Qg5 73. Qa3+ Qa5 74. Qdd3+ 1-0

[Event "4NCL 3 South pool C"]
[Site "Telford, ENG"]
[Date "2016.03.20"]
[Round "8.75"]
[White "Rutter, Nick J"]
[Black "Gill, Oliver"]
[Result "0-1"]
[WhiteElo "2290"]
[BlackElo "2095"]
[PlyCount "46"]
[EventDate "2016.03.20"]

1. e4 e5 2. d4 exd4 3. Qxd4 Nc6 4. Qe3 Bb4+ 5. Nc3 Nf6 6. Bd2 O-O 7. O-O-O Re8
8. Qg3 Rxe4 9. a3 Bxc3 10. Bxc3 d6 11. f4 d5 12. Bd3 Re8 13. Nh3 d4 14. Ng5
dxc3 15. Bxh7+ Nxh7 16. Rxd8 cxb2+ 17. Kxb2 Rxd8 18. h4 Bf5 19. Kc1 Nd4 20. Qe3
Nxc2 21. Qe7 Rd7 22. Qc5 Nd4 23. Kb2 Re8 0-1

[Event "4NCL 3 South pool C"]
[Site "Telford, ENG"]
[Date "2016.03.20"]
[Round "8.76"]
[White "Pleasants, Allan J"]
[Black "Ferrington, Nigel M"]
[Result "0-1"]
[WhiteElo "2072"]
[BlackElo "2267"]
[PlyCount "70"]
[EventDate "2016.03.20"]

1. e4 e5 2. Nf3 Nc6 3. Bb5 a6 4. Ba4 Nf6 5. O-O Be7 6. Re1 b5 7. Bb3 O-O 8. h3
Bb7 9. c3 d5 10. exd5 Nxd5 11. d4 exd4 12. Nxd4 Nxd4 13. Qxd4 c5 14. Qg4 c4 15.
Bc2 Bc5 16. Nd2 Qb6 17. Qh4 Nf6 18. Re5 Rfe8 19. Rf5 Re1+ 20. Nf1 Qe6 21. Bg5
Qc6 22. Rf3 Rxa1 23. Bxf6 g6 24. b4 Bf8 25. Qf4 Qd5 26. Bd4 Bg7 27. Be4 Qd7 28.
Bxb7 Qxb7 29. a4 Bxd4 30. Qxd4 Re8 31. Re3 Qc6 32. axb5 axb5 33. f3 Rxe3 34.
Qxe3 Qd7 35. Qe5 Qa7+ 0-1

[Event "4NCL 3 South pool C"]
[Site "Telford, ENG"]
[Date "2016.03.20"]
[Round "8.77"]
[White "Gostelow, David W"]
[Black "Simons, Martin J"]
[Result "0-1"]
[WhiteElo "2050"]
[BlackElo "2018"]
[PlyCount "84"]
[EventDate "2016.03.20"]

1. d4 Nf6 2. Nf3 g6 3. Bf4 Bg7 4. e3 d6 5. h3 O-O 6. Be2 Nbd7 7. O-O Qe8 8. Bh2
e5 9. c4 Ne4 10. Nbd2 Nxd2 11. Qxd2 Qe7 12. Rfd1 f5 13. Rac1 e4 14. Ne1 Nf6 15.
c5 Be6 16. b4 Rfd8 17. Rc2 a5 18. b5 dxc5 19. Rxc5 Qxc5 20. dxc5 Rxd2 21. Rxd2
c6 22. Be5 Nd7 23. Bd4 Bxd4 24. exd4 Rd8 25. a4 Nxc5 26. bxc6 bxc6 27. Rc2 Nb3
28. Bc4 Bxc4 29. Rxc4 Rxd4 30. Rxc6 Rd1 31. Kf1 Nc1 32. Rc2 Nd3 33. Re2 Kf7 34.
f3 exf3 35. gxf3 Rxe1+ 36. Rxe1 Nxe1 37. Kxe1 Ke6 38. Kd2 Ke5 39. Ke3 g5 40.
Kf2 Kf4 41. Kg2 h5 42. Kf2 h4 0-1

[Event "4NCL 3 South pool C"]
[Site "Telford, ENG"]
[Date "2016.03.20"]
[Round "8.78"]
[White "Adaway, William"]
[Black "Whyte, Brian G"]
[Result "1/2-1/2"]
[WhiteElo "2002"]
[BlackElo "2080"]
[PlyCount "37"]
[EventDate "2016.03.20"]

1. e4 d6 2. d4 Nf6 3. Bd3 e5 4. c3 d5 5. dxe5 Nxe4 6. Nf3 Nc6 7. h3 Be7 8. O-O
O-O 9. Nbd2 Nc5 10. Bc2 f6 11. Qe2 fxe5 12. Nxe5 Nxe5 13. Qxe5 Qd6 14. Qxd6
Bxd6 15. b4 Ne6 16. Nf3 Nf4 17. Nd4 Bd7 18. Be3 c6 19. Rfe1 1/2-1/2

[Event "4NCL 3 South pool C"]
[Site "Telford, ENG"]
[Date "2016.03.20"]
[Round "8.79"]
[White "Paul, Nathanael"]
[Black "Gregory, Keith D F"]
[Result "1/2-1/2"]
[WhiteElo "2027"]
[BlackElo "1987"]
[PlyCount "62"]
[EventDate "2016.03.20"]

1. e4 d6 2. d4 Nf6 3. Nc3 Nbd7 4. Nf3 e5 5. Bc4 h6 6. O-O c6 7. a4 Qc7 8. Qe2
Be7 9. b3 O-O 10. h3 Re8 11. dxe5 dxe5 12. Rd1 Nf8 13. Be3 Ng6 14. Rd3 Nh5 15.
g3 Nf6 16. Kg2 Nd7 17. Rad1 Nc5 18. Bxc5 Bxc5 19. Qd2 a6 20. Kh2 Be7 21. Re3
Nf8 22. Nb1 b5 23. axb5 axb5 24. Bf1 Bc5 25. Rd3 Ba6 26. b4 Be7 27. Qc3 Rac8
28. Qd2 c5 29. bxc5 b4 30. Rd5 Bxf1 31. Rxf1 Bxc5 1/2-1/2

[Event "4NCL 3 South pool C"]
[Site "Telford, ENG"]
[Date "2016.03.20"]
[Round "8.80"]
[White "Marsh, Roger D W"]
[Black "Bryant, Richard B E"]
[Result "0-1"]
[WhiteElo "1966"]
[BlackElo "2057"]
[PlyCount "80"]
[EventDate "2016.03.20"]

1. d4 e6 2. c4 f5 3. g3 Nf6 4. Bg2 d5 5. cxd5 exd5 6. Nh3 Bd6 7. O-O O-O 8. Nc3
c6 9. Bf4 Bb4 10. Qb3 Qe7 11. Rfe1 Kh8 12. a3 Ba5 13. Qc2 Ne4 14. b4 Bb6 15.
Rad1 Nxc3 16. Qxc3 Be6 17. a4 a5 18. b5 cxb5 19. axb5 a4 20. Bd2 Ba5 21. Qe3
Bxd2 22. Rxd2 Qb4 23. Rdd1 Bg8 24. Rb1 Qd6 25. Qf4 Qb6 26. Qd2 Ra5 27. Qb4 Nd7
28. Nf4 a3 29. Rb3 a2 30. Ra1 Rfa8 31. e3 Ra4 32. Qe7 Nf6 33. Nd3 R4a7 34. Bh3
Ne4 35. Bxf5 Nd2 36. Rc3 Nc4 37. Bd7 Qc7 38. Ne5 b6 39. Qh4 Nxe5 40. Rxc7 Nf3+
0-1

[Event "4NCL 3 South pool C"]
[Site "Telford, ENG"]
[Date "2016.03.20"]
[Round "8.85"]
[White "Wallis, Ian J"]
[Black "Mercs, Peter J"]
[Result "1/2-1/2"]
[WhiteElo "2125"]
[BlackElo "2115"]
[PlyCount "43"]
[EventDate "2016.03.20"]

1. e4 c5 2. Nf3 d6 3. d4 cxd4 4. Nxd4 Nf6 5. Nc3 Nc6 6. Bg5 e6 7. Qd2 a6 8.
O-O-O Bd7 9. f3 b5 10. Nxc6 Bxc6 11. Bd3 Be7 12. Rhe1 O-O 13. h4 b4 14. Ne2 Bb5
15. Nd4 Qc7 16. Kb1 Bxd3 17. cxd3 Qb6 18. Be3 Qb7 19. g4 Nd7 20. g5 Nc5 21. Rc1
a5 22. Ne2 1/2-1/2

[Event "4NCL 3 South pool C"]
[Site "Telford, ENG"]
[Date "2016.03.20"]
[Round "8.86"]
[White "George, Matthew P"]
[Black "Fogg, Martin"]
[Result "0-1"]
[WhiteElo "2036"]
[BlackElo "2050"]
[PlyCount "68"]
[EventDate "2016.03.20"]

1. c4 c5 2. Nc3 g6 3. g3 Bg7 4. Bg2 e6 5. e3 Ne7 6. Nge2 O-O 7. O-O d5 8. cxd5
exd5 9. d4 cxd4 10. Nxd4 Nbc6 11. Nxc6 bxc6 12. Qa4 Qb6 13. Qa3 Re8 14. Bd2 Rb8
15. b3 Qa6 16. Qd6 Bg4 17. Rfc1 Qd3 18. Be1 Qf5 19. Rab1 Rbd8 20. Qc5 d4 21.
exd4 Bxd4 22. Qxf5 Bxf5 23. Rb2 Nd5 24. Bxd5 cxd5 25. Re2 Rxe2 26. Nxe2 Bb2 27.
Rd1 Re8 28. Rd2 Bc1 29. Rd1 Bb2 30. Rd2 Ba3 31. Kf1 Bh3+ 32. Kg1 Bb4 33. Rd1
Bxe1 34. Rxe1 d4 0-1

[Event "4NCL 3 South pool C"]
[Site "Telford, ENG"]
[Date "2016.03.20"]
[Round "8.87"]
[White "Peck, Silas"]
[Black "Combie, Alex B"]
[Result "1-0"]
[WhiteElo "1912"]
[BlackElo "2025"]
[PlyCount "63"]
[EventDate "2016.03.20"]

1. e4 c5 2. Nf3 d6 3. d4 cxd4 4. Nxd4 Nf6 5. Nc3 a6 6. Bg5 Nbd7 7. f4 Qc7 8.
Qf3 h6 9. Bh4 g5 10. fxg5 hxg5 11. Bxg5 Qc5 12. Be3 Ne5 13. Qe2 Neg4 14. Bg1
Bh6 15. g3 Bd7 16. Bg2 Qc7 17. Nf3 O-O-O 18. h3 Ne5 19. Nxe5 dxe5 20. Nd5 Nxd5
21. exd5 Bb5 22. Qf3 Qxc2 23. Rd1 Qc7 24. Be3 Qa5+ 25. Kf2 Bxe3+ 26. Qxe3 Qxa2
27. Qxe5 Kd7 28. Rhe1 Rde8 29. Rc1 Qa5 30. h4 Qd2+ 31. Kg1 e6 32. Qc7# 1-0

[Event "4NCL 3 South pool C"]
[Site "Telford, ENG"]
[Date "2016.03.20"]
[Round "8.88"]
[White "Garnett, John S"]
[Black "Burnett, Leon P"]
[Result "0-1"]
[WhiteElo "2001"]
[BlackElo "1952"]
[PlyCount "52"]
[EventDate "2016.03.20"]

1. d4 Nf6 2. Bg5 e6 3. e4 h6 4. Bxf6 Qxf6 5. Nc3 d6 6. Qd2 Nd7 7. f4 a6 8.
O-O-O Qd8 9. Nf3 Be7 10. Kb1 b5 11. d5 e5 12. fxe5 dxe5 13. Ne2 Bd6 14. Ng3 Nc5
15. Re1 O-O 16. Nf5 Bxf5 17. exf5 Qf6 18. g4 e4 19. Nd4 Be5 20. c3 b4 21. h4
bxc3 22. bxc3 Na4 23. Rxe4 Rfb8+ 24. Ka1 Rb2 25. Qe3 Qb6 26. Bc4 Rxa2+ 0-1

[Event "4NCL 3 South pool C"]
[Site "Telford, ENG"]
[Date "2016.03.20"]
[Round "8.89"]
[White "Cocks, Elliot"]
[Black "Jarvis, Derek A"]
[Result "1/2-1/2"]
[WhiteElo "1892"]
[BlackElo "1928"]
[PlyCount "101"]
[EventDate "2016.03.20"]

1. d4 Nf6 2. c4 e6 3. Nf3 d5 4. Nc3 c6 5. Bg5 Nbd7 6. cxd5 exd5 7. e3 Be7 8.
Bd3 O-O 9. Qc2 Re8 10. O-O Nf8 11. h3 h6 12. Bh4 Ne6 13. Bg3 b6 14. Ne5 Bb7 15.
Rfd1 Nd7 16. Bh7+ Kf8 17. Nxf7 Qc8 18. Nd6 Bxd6 19. Bxd6+ Re7 20. Bxe7+ Kxe7
21. Rac1 Nf6 22. Bf5 Qd7 23. Ne2 Qd6 24. Ng3 Kf8 25. e4 dxe4 26. Nxe4 Nxe4 27.
Qxe4 Ng5 28. Qe5 Rd8 29. Qxd6+ Rxd6 30. h4 Ne6 31. Bxe6 Rxe6 32. d5 cxd5 33.
Rc7 Re7 34. Rdc1 Ba6 35. Rxe7 Kxe7 36. Rd1 Kd6 37. f4 Be2 38. Rd2 Bg4 39. Kf2
Bf5 40. Ke3 h5 41. Kd4 g6 42. Re2 Bb1 43. a3 Be4 44. Rxe4 dxe4 45. Kxe4 Ke6 46.
b4 b5 47. Kd4 Kd6 48. Ke3 Ke7 49. Kd4 Kd6 50. Ke3 Ke7 51. Kd4 1/2-1/2

[Event "4NCL 3 South pool C"]
[Site "Telford, ENG"]
[Date "2016.03.20"]
[Round "8.90"]
[White "Burke, Steven J"]
[Black "Sheerin, Alex"]
[Result "0-1"]
[WhiteElo "1923"]
[BlackElo "1780"]
[PlyCount "48"]
[EventDate "2016.03.20"]

1. d4 Nf6 2. c4 g6 3. Nf3 Bg7 4. Nc3 O-O 5. e4 d6 6. h3 e5 7. dxe5 dxe5 8. Bg5
Qxd1+ 9. Rxd1 Nbd7 10. Nb5 c6 11. Nd6 Nc5 12. Bxf6 Bxf6 13. b4 Ne6 14. c5 a5
15. a3 axb4 16. axb4 Ra4 17. Rb1 Rd8 18. Be2 b6 19. Bd1 Ra7 20. cxb6 Rad7 21.
Nc4 Ba6 22. Na5 Nf4 23. b5 Bxb5 24. Rxb5 Rxd1# 0-1

[Event "4NCL 3 South pool C"]
[Site "Telford, ENG"]
[Date "2016.04.30"]
[Round "9.55"]
[White "Farkas, Daniel"]
[Black "Rudd, Jack"]
[Result "1-0"]
[WhiteElo "2115"]
[BlackElo "2263"]
[PlyCount "103"]
[EventDate "2016.04.30"]

1. e4 e5 2. Nf3 Nc6 3. Bc4 Bc5 4. c3 Nf6 5. b4 Bb6 6. a4 Nxe4 7. O-O a6 8. Bd5
Nf6 9. Bxc6 dxc6 10. Nxe5 O-O 11. a5 Bd4 12. Nf3 Ba7 13. d4 Bg4 14. Bg5 Qd6 15.
Bxf6 Qxf6 16. Nbd2 b6 17. Qe2 Bc8 18. Qe5 Qxe5 19. Nxe5 c5 20. bxc5 bxc5 21. d5
Re8 22. Rfe1 c4 23. Nc6 Bd7 24. Rxe8+ Bxe8 25. Nxa7 Rxa7 26. Nxc4 Rb7 27. d6
Kf8 28. f3 Bd7 29. Rd1 cxd6 30. Rxd6 Rb1+ 31. Kf2 Bb5 32. Nd2 Ke7 33. Rxa6 Rd1
34. Ra7+ Ke6 35. Nb3 Bc4 36. Nd4+ Ke5 37. Re7+ Kf6 38. Re1 Rd2+ 39. Kg3 Ra2 40.
Nc6 Bb5 41. Nb4 Ra3 42. Rd1 Bc4 43. Rd6+ Ke7 44. Rc6 Be6 45. a6 Kd7 46. Rb6 g5
47. Rb7+ Kc8 48. Re7 h5 49. h4 gxh4+ 50. Kxh4 Ra5 51. a7 Bd7 52. Nd5 1-0

[Event "4NCL 3 South pool C"]
[Site "Telford, ENG"]
[Date "2016.04.30"]
[Round "9.56"]
[White "Rees, Ioan"]
[Black "Moloney, Nicholas R"]
[Result "1-0"]
[WhiteElo "2255"]
[BlackElo "2172"]
[PlyCount "73"]
[EventDate "2016.04.30"]

1. e4 e6 2. Nc3 d5 3. Nf3 dxe4 4. Nxe4 Nd7 5. g3 Ngf6 6. Nxf6+ Nxf6 7. Bg2 Bd6
8. d4 O-O 9. O-O c5 10. b3 Qc7 11. Bb2 c4 12. bxc4 Qxc4 13. Nd2 Qa4 14. c3 Qa6
15. Qb3 Rb8 16. Nc4 Be7 17. a4 Bd7 18. Rfb1 Bc6 19. Bf1 Bd5 20. Qb5 Ne4 21. Ne3
Qxb5 22. axb5 Nd2 23. Nxd5 exd5 24. Rd1 Nxf1 25. Kxf1 Ra8 26. Re1 Bd6 27. Ba3
Bxa3 28. Rxa3 a6 29. Re7 Rfb8 30. Rd7 axb5 31. Rxb7 Re8 32. Rxa8 Rxa8 33. Rxb5
Rd8 34. Ke2 g6 35. Kd3 Kg7 36. Rb2 Kf6 37. Re2 {Time} 1-0

[Event "4NCL 3 South pool C"]
[Site "Telford, ENG"]
[Date "2016.04.30"]
[Round "9.57"]
[White "Agnew, Alan"]
[Black "Edgell, Ben P"]
[Result "0-1"]
[WhiteElo "2090"]
[BlackElo "2128"]
[PlyCount "124"]
[EventDate "2016.04.30"]

1. e4 d5 2. exd5 Qxd5 3. Nf3 c6 4. Be2 Nf6 5. O-O Bg4 6. c4 Qd6 7. d4 e6 8. Nc3
Nbd7 9. Be3 Be7 10. Qd2 Qc7 11. Rfd1 O-O 12. Rac1 Bxf3 13. Bxf3 Nb6 14. Bf4 Qd7
15. Qe2 Rad8 16. d5 exd5 17. cxd5 cxd5 18. Bc7 Rc8 19. Bxb6 axb6 20. Bxd5 Nxd5
21. Nxd5 Rxc1 22. Rxc1 Qxd5 23. Qxe7 Qxa2 24. b4 Qd2 25. Ra1 h6 26. h3 Rc8 27.
Qxb7 Rc1+ 28. Rxc1 Qxc1+ 29. Kh2 Qf4+ 30. Kg1 Qxb4 31. Qc8+ Qf8 32. Qc6 Qb8 33.
Qb5 g6 34. g3 Qd6 35. h4 Qc5 36. Qb2 b5 37. Qd2 h5 38. Kf1 b4 39. Ke2 b3 40.
Qb2 Qb5+ 41. Kd2 Qb4+ 42. Ke3 Qb6+ 43. Kd3 Kf8 44. Kc3 Ke7 45. Qxb3 Qxf2 46.
Qb4+ Ke6 47. Qe4+ Kd6 48. Qd3+ Kc5 49. Qc4+ Kd6 50. Qd3+ Ke5 51. Kc4 Qa2+ 52.
Kc5 Qa7+ 53. Kc6 Qa8+ 54. Kc7 Qe4 55. Qb5+ Kf6 56. Qg5+ Ke6 57. Kd8 f6 58. Qd2
Qd5+ 59. Qxd5+ Kxd5 60. Ke7 Ke5 61. Kf7 Kf5 62. Kg7 g5 0-1

[Event "4NCL 3 South pool C"]
[Site "Telford, ENG"]
[Date "2016.04.30"]
[Round "9.58"]
[White "Stewart, Joseph J"]
[Black "Okhai, Shabir"]
[Result "1/2-1/2"]
[WhiteElo "2162"]
[BlackElo "2064"]
[PlyCount "94"]
[EventDate "2016.04.30"]

1. e4 e5 2. Nf3 Nc6 3. Bb5 a6 4. Bxc6 dxc6 5. d4 exd4 6. Qxd4 Qxd4 7. Nxd4 Bd7
8. Nc3 O-O-O 9. Be3 Ne7 10. O-O-O Ng6 11. f3 Bd6 12. g3 Rhe8 13. Rhe1 f6 14.
Bg1 Ne5 15. f4 Nc4 16. a3 Bg4 17. Rd3 Bf8 18. Nb3 b6 19. Rxd8+ Kxd8 20. Nd2
Nxd2 21. Kxd2 Bd6 22. Bd4 c5 23. Bf2 h5 24. h4 Kd7 25. a4 Kc6 26. Kc1 g5 27.
hxg5 fxg5 28. e5 Be7 29. Nd1 Rf8 30. Be3 h4 31. gxh4 gxf4 32. Bf2 Rh8 33. Re4
Bxh4 34. Bxh4 Bxd1 35. Rxf4 Bh5 36. e6 Be8 37. e7 Kd6 38. Kd2 Rh7 39. Ke3 Kd7
40. b3 Rf7 41. Rg4 a5 42. Rg2 Rh7 43. Bg5 c4 44. Rd2+ Ke6 45. Rd8 Kf7 46. bxc4
Rh3+ 47. Kd2 Rh5 1/2-1/2